El mundo visual del niño /

Nuestro mundo visual es resultado de una construcción que se inicia al nacer cuando abrimos los ojos y se prolonga hasta la ado lescencia; En este libro se expone el estudio de las condiciones de esa construcción e ilustra certeramente la moderna metodología del psicólogo.

সংরক্ষণ করুন:
গ্রন্থ-পঞ্জীর বিবরন
প্রধান লেখক: Vurpillot, Eliane (autor)
বিন্যাস: গ্রন্থ
ভাষা:স্প্যানিশ
মালা:(Psicología y Etología)
বিষয়গুলি:
ট্যাগগুলো: ট্যাগ যুক্ত করুন
কোনো ট্যাগ নেই, প্রথমজন হিসাবে ট্যাগ করুন!

MARC

LEADER 00000nam^a2200000^a^4500
001 000037961
005 20250521000000.0
009 20260310085445.153
020 |a 84-323-0506-5 
037 |a Acervo ITESO - Biblioteca 
041 |a ESP 
082 |a 155. 41  |b VUR 
100 |a Vurpillot, Eliane  |e (autor) 
245 1 3 |a El mundo visual del niño /  |c E. Vurpillot; tr. por: Francisco Gómez Bellard. 
264 |a Madrid, España :  |b Siglo XXI,  |c 1985 
300 |a 383 p. 
336 |a texto  |b txt  |2 rdacontenido 
337 |a sin mediación  |b n  |2 rdamedio 
338 |a volumen  |b nc  |2 rdasoporte 
440 1 |a (Psicología y Etología) 
500 |a Traducción de: Le Monde Visuel du Jeune Enfant 
520 |a Nuestro mundo visual es resultado de una construcción que se inicia al nacer cuando abrimos los ojos y se prolonga hasta la ado lescencia; En este libro se expone el estudio de las condiciones de esa construcción e ilustra certeramente la moderna metodología del psicólogo. 
649 |a XX 
650 |a Psicología 
650 |a Aprendizaje 
650 |a Percepción 
650 |a Vista 
910 |a Fondo General 
920 |a Impresos - Libros 
930 |a Colección General 
905 |a 101 
901 |a 0379610100  |b IT1  |c ACC  |i 037961  |u 20250521 
902 |a https://opac.biblio.iteso.mx/vufind/Record/000037961